000 00483nam a22001817a 4500
003 OSt
005 20180116183028.0
008 151216b xxu||||| |||| 00| 0 eng d
020 _a01-504-2002-1
040 _a0
_cLums
082 _a174.4 LUM 2002
100 _aKhan W M
245 _aNIRALA: THE COST QUESTION
_cKhan W M
260 _aLahore
_bLahore University of Management Sciences
_c2002
300 _a5 p.
_bPapers
440 _aNIRALA: THE COST QUESTION
942 _2ddc
_cCS
999 _c350876
_d350876